00206 a2200097 450000100060000008200120000610000200001824500370003826000260007530000070010160257 a508 CLA aPhillip, Clarke aMysteries and Marvels of Science aLondonbUS Bomec2004 a96